| 000 | 00562nam a2200217Ia 4500 | ||
|---|---|---|---|
| 003 | OSt | ||
| 005 | 20221017120828.0 | ||
| 008 | 210210b2017 xxu||||| |||| 00| 0 eng d | ||
| 020 | _a9789352734610 | ||
| 040 | _cAL | ||
| 041 | _aeng | ||
| 082 | _a657.46 SAHF | ||
| 100 |
_aSAHA (R G) _959730 |
||
| 245 | _aFundamentals of goods and services tax (GST) and customs act | ||
| 260 |
_aMumbai _bHimalaya Publishing House _c2017 |
||
| 300 | _a234 | ||
| 690 |
_aBusiness Taxation _959731 |
||
| 700 |
_aPODDER (S K) _959732 |
||
| 906 | _a071744 | ||
| 942 |
_2ddc _cBK |
||
| 999 |
_c121455 _d121455 |
||